| 000 | 00617nam a2200181 4500 | ||
|---|---|---|---|
| 001 | 121120 | ||
| 003 | ES-MaACL | ||
| 005 | 20230906191707.0 | ||
| 007 | t| | ||
| 008 | 070214s1968 sp r ||||1| cat d | ||
| 100 | 1 |
_aPons, Miguel. _992997 |
|
| 245 | 1 | 0 |
_aCedules personals / _cMiguel Pons ; proleg de Francesc Riera Montserrat ; portada de Nicolau Llaneras Manresa. |
| 260 |
_aFelanitx ( Palma de Mallorca) : _b[s.n.], _c1968 ( _fImp. Llopis) |
||
| 300 |
_a80 p. ; _c19 cm. |
||
| 700 | 1 |
_aLlaneras Manresa, Nicolau. _972687 |
|
| 700 | 1 |
_aRiera Montserrat, Francesc. _997130 |
|
| 852 |
_aES-MaACL _jC-51584 _bR.70354 |
||
| 999 |
_c121120 _d121120 |
||